| 000 | 00592nam a2200193 u 4500 | ||
|---|---|---|---|
| 005 | 20240620063647.0 | ||
| 008 | 190909s2014 r 000 0 eng d | ||
| 035 | _aUPN01000232731 | ||
| 049 | _aF | ||
| 050 | 4 |
_aHV703 _bU6.5 2013 |
|
| 110 | 2 |
_aUNICEF _924085 |
|
| 245 | 1 | 0 |
_aInforme anual : _bUNICEF México : 2013 / _cFondo de las Naciones Unidas para la Infancia. |
| 260 |
_aMéxico : _bUNICEF, _c2014. |
||
| 300 |
_a43 p. : _bil. col. |
||
| 610 | 2 | 4 |
_aUNICEF _vInformes _924086 |
| 650 | 0 |
_aNiños _xSituación legal, leyes, etc. _zMéxico _95234 |
|
| 905 | _aLibro | ||
| 999 |
_c204826 _d204826 |
||